Offensive Führungstaktik

Na minha lista:
Detalhes bibliográficos
Autor principal: Juran, Joseph M.
Outros Autores: Folchert, H.
Formato: Livro
Idioma:alemão
Publicado em: München Moderne Industrie 1966
Edição:1. Aufl.
Tags: Adicionar Tag
Sem tags, seja o primeiro a adicionar uma tag!

MARC

LEADER 00000nam a2200000 4500
001 c024231
005 20221220102328.1
041 0 |a ger 
044 |a DE 
245 1 0 |a Offensive Führungstaktik  |c Joseph M. Juran ; [Z angl. prel.] H. Folchert 
250 |a 1. Aufl. 
264 1 |a München  |b Moderne Industrie  |c 1966 
300 |a 487 s. 
100 1 |a Juran, Joseph M. 
700 1 |a Folchert, H.